banner-ar

UNVANQUISHED A U.S. - U.N. SAGA / (Record no. 6552)

MARC details
000 -الفاتح
حقل البيانات ثابتة الطول 00567nam a2200193Ia 4500
008 - عناصر البيانات ثابتة الطول - معلومات عامة
حقل البيانات ثابتة الطول 140319s9999 xx 000 0 eng d
020 ## - الرقم الدولى المعيارى للكتب
الرقم الدولى المعيارى للكتاب 186064 497 X
040 ## - مصدر الفهرسة
وكالة الفهرسة الأصلية GCL /
وكالة النسخ GCL
082 04 - رقم تصنيف ديوى العشرى
رقم التصنيف 923.2
رقم المادة B U
100 1# - المدخل الرئيسى - إسم شخصى
الإسم الشخصى GHALI, BOUTROS BOUTROS
245 10 - بيان العنوان
العنوان UNVANQUISHED A U.S. - U.N. SAGA /
بيان المسئوليه,etc GHALI, BOUTROS BOUTROS
260 ## - PUBLICATION, DISTRIBUTION, ETC. (IMPRINT)
تاريخ النشر أو التوزيع 1999
300 ## - الوصف المادى
التعداد 349 PG ؛
أبعاد الوعاء 25 cm.
650 04 - المدخل الاضافى بالموضوع-مصطلح موضوعى
مصطلح موضوعي AFRICA - ECONOMIC CONDITIONS
650 04 - المدخل الاضافى بالموضوع-مصطلح موضوعى
مصطلح موضوعي AFRICA AMERICAN POLITICIANS
650 04 - المدخل الاضافى بالموضوع-مصطلح موضوعى
مصطلح موضوعي BOUTROS GHALI
942 ## - عناصر المدخل الإضافي( كوها)
مصدر التصنيف او مخطط الترفيف Dewey Decimal Classification
Koha [default] item type كتاب
260 ## - PUBLICATION, DISTRIBUTION, ETC. (IMPRINT)
-- انجلترا :
-- I. B. TOURIS & CO. LTD ،
Holdings
حالة التراجع حالة الفقد حالة تلف ليس للاعارة المكان المؤقت الموقع الحالى تاريخ الاكتساب اجمالي اﻻعارات رقم الطلب الباركود تاريخ اخر مشاهدة تاريخ تفعيل السعر نوع وعاء كوها
        مكتبة القاهرة الكبرى مكتبة القاهرة الكبرى 03/26/2014   923.2 \ B U 13832 03/26/2014 03/26/2014 كتاب

Powered By

EGPV